000 00212nam a2200085Ia 4500
008 170620s9999 xx 000 0 und d
100 _aMishra- R.C
245 0 _aEarly Childhood Care and Education
260 _bNew Delhi- A.P.H
260 _c2010
999 _c25757
_d25757